Normal view
MARC view
- Electric apparatus and appliances
Entry Topical Term
001 - CONTROL NUMBER
- control field: 102952
003 - CONTROL NUMBER IDENTIFIER
- control field: NUST
005 - DATE AND TIME OF LATEST TRANSACTION
- control field: 20221117161606.0
008 - FIXED-LENGTH DATA ELEMENTS
- fixed length control field: 221117|| aca||aabn | a|a d
040 ## - CATALOGING SOURCE
- Original cataloging agency: NUST
- Transcribing agency: NUST
150 ## - HEADING--TOPICAL TERM
- Topical term or geographic name entry element: Electric apparatus and appliances
- General subdivision: Installation
670 ## - SOURCE DATA FOUND
- Source citation: Work cat.: (NUST)189397: Scaddan, Brian. 102951, Electrical installation work /, 2005.
